000 00394nab a22001337a 4500
001 T027600010953-03
008 190830b xxu||||| |||| 00| 0 esp |
040 _aFEVP
_cFEVP
100 _aVargas Arenas, Iriada.
245 _aPlan de descentralización del Ministerio de Sanidad y Asistencia Social.
300 _app. 178-183
650 _aAdmisión a la Universidad--América Latina
942 _cANL
999 _c13807
_d13807